000 00816nam a2200217Ii 4500
003 JO-AjNU
008 230605s9999||||xx |||||||||||||| ||und||
020 _a1 84117002 10
040 _aJO-AjNU
_bara
_erda
_cJO-AjNU
041 _aara
050 1 4 _aDS36.855 I36 2000
100 3 _aاسماعيل، محمود,
_eauthor
_937524
245 0 0 _aسوسيولوجيا الفكر الاسلامي طور الازدهار(3) : فكر الفرق - علم الكلام - الفلسفة - التصوف، الجزء الثالث
250 _aط1
264 3 1 _aبيروت: سينا للنشر، 2000
300 _aج3، 245ص
336 _atext
_btxt
_2rdacontent
337 _aunmediated
_bn
_2rdamedia
338 _avolume
_bnc
_2rdacarrier
650 4 _aالعالم الاسلامي- طور االازدهار
_937525
999 _aA15686
_c19254
_d19254